[Event "España ch sub-18 2012"]
[Site "Salobreña ESP"]
[Date "2012.07.24"]
[Round "3.22"]
[White "Sanchez Garcia, Julio"]
[Black "Garcia Salamero, Hector"]
[Result "1-0"]
[WhiteElo "2108"]
[BlackElo "1880"]
[PlyCount "94"]
[EventDate "2012.07.23"]
[EventType "swiss"]
[EventRounds "9"]
[EventCountry "ESP"]
[Source "lmi"]
[SourceDate "2012.07.23"]

1. d4 Nf6 2. c4 g6 3. Nc3 Bg7 4. e4 d6 5. Nf3 O-O 6. Be2 Na6 7. O-O c5 8. d5
Nc7 9. h3 e5 10. dxe6 Nxe6 11. Re1 Qb6 12. Rb1 Bd7 13. Be3 Rad8 14. Bf1 Rfe8
15. b3 Bc6 16. Qc2 a5 17. Red1 Qc7 18. a3 Nd7 19. Nd5 Qc8 20. Qd2 b6 21. Re1
Qb7 22. g3 Ne5 23. Nh2 Bxd5 24. exd5 Nd4 25. Bxd4 cxd4 26. f4 Nd7 27. Nf3 Nc5
28. Nxd4 Ne4 29. Qd3 Bxd4+ 30. Qxd4 Nxg3 31. Bd3 Qd7 32. Kh2 Nh5 33. Rf1 Qc7
34. b4 axb4 35. axb4 Ra8 36. Rb2 Ra3 37. f5 Qd8 38. Rg2 Qd7 39. Rfg1 Qe7 40.
fxg6 hxg6 41. Bxg6 fxg6 42. Rxg6+ Kh7 43. Re6 Ra2+ 44. Kh1 Qf8 45. Qe4+ Kh8 46.
Rxe8 Ra6 47. Ra1 Ra8 1-0

[Event "España ch sub-18 2012"]
[Site "Salobreña ESP"]
[Date "2012.07.24"]
[Round "3.23"]
[White "Mercado Larrea, Adrian"]
[Black "Santos Ruiz, Miguel"]
[Result "0-1"]
[WhiteElo "1875"]
[BlackElo "2106"]
[PlyCount "62"]
[EventDate "2012.07.23"]
[EventType "swiss"]
[EventRounds "9"]
[EventCountry "ESP"]
[Source "lmi"]
[SourceDate "2012.07.23"]

1. e4 e6 2. d4 d5 3. e5 c5 4. c3 Qb6 5. a3 Nc6 6. Nf3 Nh6 7. b4 cxd4 8. cxd4
Nf5 9. Be3 f6 10. exf6 gxf6 11. Bd3 Nxe3 12. fxe3 Bh6 13. Qe2 O-O 14. Nc3 Bd7
15. O-O Rac8 16. Rac1 Ne7 17. Rfe1 Be8 18. Kh1 Bg6 19. Na4 Qd6 20. Rxc8 Rxc8
21. Bxg6 Nxg6 22. g3 Qc6 23. Nc5 b6 24. Nb3 Qc4 25. Nbd2 Qxe2 26. Rxe2 Rc3 27.
e4 Rxa3 28. exd5 exd5 29. Re8+ Kf7 30. Ra8 Bxd2 31. Nxd2 Ra1+ 0-1

[Event "España ch sub-18 2012"]
[Site "Salobreña ESP"]
[Date "2012.07.24"]
[Round "3.24"]
[White "Gonzalez Hernandez, Ferran"]
[Black "Ochoa De Eribe Martinez, Daniel"]
[Result "1-0"]
[WhiteElo "2101"]
[BlackElo "1870"]
[PlyCount "116"]
[EventDate "2012.07.23"]
[EventType "swiss"]
[EventRounds "9"]
[EventCountry "ESP"]
[Source "lmi"]
[SourceDate "2012.07.23"]

1. e4 c5 2. Nf3 Nc6 3. Bb5 d6 4. d4 cxd4 5. Qxd4 Bd7 6. Bxc6 Bxc6 7. Nc3 Nf6 8.
Bg5 e6 9. O-O-O Be7 10. Qd3 O-O 11. Nd4 Qc7 12. f4 Rfc8 13. h4 b5 14. Bxf6 Bxf6
15. g4 Rab8 16. Nce2 b4 17. g5 Be7 18. Kb1 a5 19. f5 e5 20. Nxc6 Qxc6 21. g6
fxg6 22. fxg6 h6 23. Ng3 a4 24. Nf5 Bf8 25. Qd5+ Qxd5 26. Rxd5 Rc4 27. Re1 Rbc8
28. Rd2 R4c6 29. h5 Rc4 30. Re3 b3 31. c3 R4c6 32. a3 Re8 33. Rd5 Rc5 34. Kc1
Rxd5 35. exd5 e4 36. c4 Be7 37. Nxe7+ Rxe7 38. Kd2 Re5 39. Kc3 Rxh5 40. Rxe4
Kf8 41. Re2 Rg5 42. Kb4 Rxg6 43. Kxa4 h5 44. Kb5 h4 45. Rh2 Rg4 46. a4 Ke7 47.
a5 g5 48. a6 Rg1 49. Rh3 Kf6 50. Rxb3 Re1 51. Kc6 g4 52. a7 Re8 53. Rb8 Re7 54.
a8=Q g3 55. Kxd6 g2 56. Rf8+ Rf7 57. Rxf7+ Kxf7 58. Qa1 Ke8 1-0

[Event "España ch sub-18 2012"]
[Site "Salobreña ESP"]
[Date "2012.07.25"]
[Round "4.1"]
[White "Ladron De Guevara Pinto, Paolo"]
[Black "Anton Guijarro, David"]
[Result "1/2-1/2"]
[WhiteElo "2353"]
[BlackElo "2490"]
[PlyCount "102"]
[EventDate "2012.07.23"]
[EventType "swiss"]
[EventRounds "9"]
[EventCountry "ESP"]
[Source "lmi"]
[SourceDate "2012.07.23"]

1. e4 c5 2. Nf3 Nc6 3. d4 cxd4 4. Nxd4 Nf6 5. Nc3 d6 6. Bc4 Bd7 7. Bg5 Qa5 8.
Bxf6 gxf6 9. Nb3 Qg5 10. g3 h5 11. h4 Qg6 12. Nd4 Rc8 13. Be2 a6 14. Nxc6 Bxc6
15. Qd3 Bh6 16. a4 e6 17. Bf3 Rd8 18. Rd1 Kf8 19. b4 Kg8 20. O-O Kh7 21. b5
axb5 22. axb5 Be8 23. Qe2 Rg8 24. Bxh5 Qg7 25. Qd3 Rc8 26. Bf3 Rc5 27. Rb1 Kh8
28. Ne2 Qh7 29. c4 d5 30. cxd5 Rxd5 31. Qc4 Re5 32. Rfd1 Bf8 33. Bg2 Bc5 34.
Kf1 Bb6 35. Rd6 Rc5 36. Qa4 Bc7 37. Rd3 Qh5 38. Qd4 Bxb5 39. Qxf6+ Kh7 40. Bf3
Qe5 41. Qxe5 Bxe5 42. Rdb3 Ba6 43. Bh5 Kg7 44. Rxb7 Bxb7 45. Rxb7 Bc7 46. Bf3
Rd8 47. Kg2 Rd2 48. g4 Rcc2 49. g5 Kg6 50. Kf1 Be5 51. Rb5 Bc7 1/2-1/2

[Event "España ch sub-18 2012"]
[Site "Salobreña ESP"]
[Date "2012.07.25"]
[Round "4.2"]
[White "Forcen Esteban, Daniel"]
[Black "Suarez Uriel, Adrian"]
[Result "1/2-1/2"]
[WhiteElo "2457"]
[BlackElo "2249"]
[PlyCount "91"]
[EventDate "2012.07.23"]
[EventType "swiss"]
[EventRounds "9"]
[EventCountry "ESP"]
[Source "lmi"]
[SourceDate "2012.07.23"]

1. d4 Nf6 2. Nf3 g6 3. c4 Bg7 4. g3 O-O 5. Bg2 d6 6. O-O Nbd7 7. Nc3 e5 8. e4
Re8 9. Re1 exd4 10. Nxd4 Nc5 11. h3 a5 12. b3 c6 13. Bb2 Qb6 14. Rb1 Nfd7 15.
Nf3 Qb4 16. Qc2 a4 17. Nxa4 Nxa4 18. Bxg7 Kxg7 19. bxa4 Qxa4 20. Qd3 Kg8 21.
Qxd6 Qxc4 22. e5 Qxa2 23. Rbc1 Qa3 24. Qd4 Qe7 25. Nd2 Nf8 26. Ne4 Rd8 27. Qb2
Be6 28. Rb1 Rab8 29. Qc1 Kg7 30. g4 Bd5 31. Nf6 Bxg2 32. Qg5 Kh8 33. Kxg2 Nd7
34. Nxh7 Qxg5 35. Nxg5 Kg8 36. e6 fxe6 37. Rxe6 Nf8 38. Re7 Rd7 39. Ree1 b6 40.
Rec1 Rc7 41. f4 b5 42. f5 Kg7 43. Ne4 gxf5 44. gxf5 Nd7 45. Nc5 Nxc5 46. Kf3
1/2-1/2

[Event "España ch sub-18 2012"]
[Site "Salobreña ESP"]
[Date "2012.07.25"]
[Round "4.3"]
[White "Sanchez Ibern, Marc"]
[Black "Nicolas Zapata, Irene"]
[Result "1-0"]
[WhiteElo "2364"]
[BlackElo "2235"]
[PlyCount "65"]
[EventDate "2012.07.23"]
[EventType "swiss"]
[EventRounds "9"]
[EventCountry "ESP"]
[Source "lmi"]
[SourceDate "2012.07.23"]

1. e4 c5 2. Nf3 d6 3. Bb5+ Bd7 4. Bxd7+ Qxd7 5. O-O Nc6 6. c3 Nf6 7. d4 cxd4 8.
cxd4 g6 9. Nc3 Bg7 10. Re1 O-O 11. h3 Rac8 12. e5 Ne8 13. Bf4 dxe5 14. Nxe5
Nxe5 15. dxe5 Qf5 16. Nd5 Qe6 17. Bg5 Kh8 18. Bxe7 Rg8 19. Qg4 Qc6 20. Rad1 h5
21. Qf4 Qe6 22. b3 Rc2 23. Rd2 Rxd2 24. Qxd2 Kh7 25. Nf6+ Bxf6 26. exf6 Qf5 27.
Qc3 g5 28. Re5 Qg6 29. Rd5 Qb1+ 30. Kh2 Rg6 31. Rd8 Qf5 32. Rxe8 g4 33. Qc8 1-0

[Event "España ch sub-18 2012"]
[Site "Salobreña ESP"]
[Date "2012.07.25"]
[Round "4.4"]
[White "Valhondo Morales, Ruben"]
[Black "Alcaraz Ortega, Javier"]
[Result "0-1"]
[WhiteElo "2085"]
[BlackElo "2297"]
[PlyCount "60"]
[EventDate "2012.07.23"]
[EventType "swiss"]
[EventRounds "9"]
[EventCountry "ESP"]
[Source "lmi"]
[SourceDate "2012.07.23"]

1. e4 d5 2. exd5 Qxd5 3. Nc3 Qa5 4. Bc4 Nf6 5. d3 Bg4 6. f3 Bd7 7. Nge2 Qb6 8.
Ng3 e6 9. Nce4 Be7 10. c3 c5 11. O-O Nc6 12. Be3 Nd5 13. Bf2 f5 14. Nd2 O-O 15.
Qc2 Qc7 16. a4 Kh8 17. Rfe1 Nf4 18. Rad1 Ne5 19. Nb3 Bxa4 20. Be3 Nxc4 21. dxc4
Qb6 22. Bxf4 Bxb3 23. Qe2 Bxd1 24. Rxd1 Rad8 25. Re1 Bd6 26. Bg5 Rde8 27. Nh5
Qc7 28. g3 Qf7 29. Nf4 h6 30. Qd2 hxg5 0-1

[Event "España ch sub-18 2012"]
[Site "Salobreña ESP"]
[Date "2012.07.25"]
[Round "4.5"]
[White "Bals Hernandez, Jordi"]
[Black "Meneses Gonzalez, Kevin Moises"]
[Result "1/2-1/2"]
[WhiteElo "2166"]
[BlackElo "2264"]
[PlyCount "69"]
[EventDate "2012.07.23"]
[EventType "swiss"]
[EventRounds "9"]
[EventCountry "ESP"]
[Source "lmi"]
[SourceDate "2012.07.23"]

1. Nf3 Nf6 2. b3 g6 3. Bb2 Bg7 4. g3 O-O 5. Bg2 d6 6. d4 c5 7. O-O cxd4 8. Nxd4
d5 9. c4 dxc4 10. bxc4 Qb6 11. Qb3 Nfd7 12. Rd1 Nc5 13. Qxb6 axb6 14. Nc3 Na4
15. Rab1 Nxc3 16. Bxc3 Nd7 17. Nb5 Rxa2 18. Bxg7 Kxg7 19. Bxb7 Ne5 20. Nc3 Rc2
21. Bxc8 Rxc8 22. Nd5 Nxc4 23. e3 Rd8 24. Nxe7 Rdd2 25. Rxd2 Nxd2 26. Rxb6 Ne4
27. Rc6 Rd2 28. f4 Rd7 29. Nc8 Rd3 30. Rc2 Rxe3 31. Nb6 h5 32. Nc4 Re1+ 33. Kg2
Nf6 34. Ne5 Ng4 35. Nxg4 1/2-1/2

[Event "España ch sub-18 2012"]
[Site "Salobreña ESP"]
[Date "2012.07.25"]
[Round "4.6"]
[White "Tejedor Fuentes, Enrique"]
[Black "Cerrato Torrijos, Maria"]
[Result "1-0"]
[WhiteElo "2254"]
[BlackElo "2114"]
[PlyCount "61"]
[EventDate "2012.07.23"]
[EventType "swiss"]
[EventRounds "9"]
[EventCountry "ESP"]
[Source "lmi"]
[SourceDate "2012.07.23"]

1. e4 c5 2. Nc3 Nc6 3. g3 g6 4. Bg2 Bg7 5. d3 d6 6. Be3 Qd7 7. Qd2 b6 8. Nge2
Bb7 9. h3 Nf6 10. O-O d5 11. Nxd5 Nxd5 12. exd5 Nd4 13. c4 Nf5 14. d4 cxd4 15.
Nxd4 Nxe3 16. Qxe3 O-O 17. Rfd1 Rac8 18. Rac1 Bf6 19. b4 Rfd8 20. Kh2 h5 21. h4
Rc7 22. c5 bxc5 23. bxc5 Bxd5 24. c6 Qe8 25. Bxd5 Rxd5 26. Ne6 Rxd1 27. Nxc7
Qd8 28. Rxd1 Qxd1 29. Nb5 Qc2 30. c7 Be5 31. c8=Q+ 1-0

[Event "España ch sub-18 2012"]
[Site "Salobreña ESP"]
[Date "2012.07.25"]
[Round "4.7"]
[White "Navarro Lopez-Menchero, Daniel"]
[Black "Capote Robayna, Nathaniel"]
[Result "1/2-1/2"]
[WhiteElo "2230"]
[BlackElo "2044"]
[PlyCount "70"]
[EventDate "2012.07.23"]
[EventType "swiss"]
[EventRounds "9"]
[EventCountry "ESP"]
[Source "lmi"]
[SourceDate "2012.07.23"]

1. e4 e6 2. d4 d5 3. Nc3 Nf6 4. Bg5 Bb4 5. e5 h6 6. Bc1 Ne4 7. Qg4 Kf8 8. Nge2
c5 9. a3 Ba5 10. dxc5 Nxc3 11. Nxc3 Qc7 12. Qg3 Bxc3+ 13. Qxc3 Nd7 14. f4 Qxc5
15. Qxc5+ Nxc5 16. b4 Ne4 17. Bd3 Bd7 18. Be3 b6 19. O-O Nc3 20. Bd4 Rc8 21. a4
Nxa4 22. b5 Nc5 23. Rxa7 Ke7 24. Bxc5+ bxc5 25. c4 dxc4 26. Bxc4 Ra8 27. Rfa1
Rxa7 28. Rxa7 Rb8 29. Rc7 Rc8 30. Rb7 Kd8 31. b6 Ra8 32. Kf2 Kc8 33. Rc7+ Kd8
34. Rb7 Kc8 35. Rc7+ Kd8 1/2-1/2

[Event "España ch sub-18 2012"]
[Site "Salobreña ESP"]
[Date "2012.07.25"]
[Round "4.8"]
[White "Rodriguez Ferraz, Borja"]
[Black "Medarde Santiago, Luis Marcos"]
[Result "1-0"]
[WhiteElo "2172"]
[BlackElo "2024"]
[PlyCount "59"]
[EventDate "2012.07.23"]
[EventType "swiss"]
[EventRounds "9"]
[EventCountry "ESP"]
[Source "lmi"]
[SourceDate "2012.07.23"]

1. d4 Nf6 2. c4 e6 3. Nc3 Bb4 4. Qc2 c5 5. dxc5 Na6 6. Nf3 O-O 7. a3 Bxc3+ 8.
Qxc3 Nxc5 9. Bf4 d5 10. e3 b6 11. Rd1 Ba6 12. Be2 Qc8 13. Nd2 dxc4 14. Nxc4 Na4
15. Qb3 Bxc4 16. Qxa4 Bxe2 17. Kxe2 Qb7 18. f3 Nd5 19. Rd2 Rac8 20. Be5 b5 21.
Qg4 f5 22. Qg3 b4 23. axb4 Rf7 24. Rhd1 Qb6 25. Bd4 Qxb4 26. Qe5 Qc4+ 27. Kf2
Nb4 28. Bc3 Nd5 29. Qxe6 Nxc3 30. Rd8+ 1-0

[Event "España ch sub-18 2012"]
[Site "Salobreña ESP"]
[Date "2012.07.25"]
[Round "4.9"]
[White "Jimenez Almeida, Luis David"]
[Black "Pardo Simon, David"]
[Result "1/2-1/2"]
[WhiteElo "2097"]
[BlackElo "2421"]
[PlyCount "58"]
[EventDate "2012.07.23"]
[EventType "swiss"]
[EventRounds "9"]
[EventCountry "ESP"]
[Source "lmi"]
[SourceDate "2012.07.23"]

1. Nf3 e6 2. g3 b6 3. Bg2 Bb7 4. c4 g6 5. O-O Bg7 6. Nc3 Nf6 7. d4 d5 8. Qa4+
c6 9. Rd1 O-O 10. Bf4 Nbd7 11. Ne5 Nxe5 12. Bxe5 Bh6 13. e4 dxe4 14. Bxe4 Nxe4
15. Nxe4 f6 16. Bd6 Rf7 17. c5 Qc8 18. Qb3 Ba6 19. Re1 Qd7 20. Rad1 Re8 21. Bf4
Bxf4 22. gxf4 Rff8 23. Nd6 Re7 24. f5 gxf5 25. Nxf5 Ree8 26. Nd6 Re7 27. Nf5
Ree8 28. Nd6 Re7 29. Nf5 Qd8 1/2-1/2

[Event "España ch sub-18 2012"]
[Site "Salobreña ESP"]
[Date "2012.07.25"]
[Round "4.10"]
[White "Aranaz Murillo, Amalia"]
[Black "Gonzalez Hernandez, Ferran"]
[Result "1-0"]
[WhiteElo "2248"]
[BlackElo "2101"]
[PlyCount "67"]
[EventDate "2012.07.23"]
[EventType "swiss"]
[EventRounds "9"]
[EventCountry "ESP"]
[Source "lmi"]
[SourceDate "2012.07.23"]

1. Nf3 d5 2. g3 Nf6 3. Bg2 e6 4. c4 c6 5. O-O Be7 6. d4 O-O 7. Qc2 b6 8. Nbd2
Ba6 9. b3 c5 10. Bb2 Nbd7 11. Rac1 Rc8 12. Qb1 Bb7 13. cxd5 exd5 14. Rfd1 Re8
15. e3 Bd6 16. Qa1 Qe7 17. Bh3 Rc7 18. Nh4 g6 19. Nhf3 Ne4 20. Nxe4 Qxe4 21.
Bg2 Qf5 22. dxc5 bxc5 23. Rd2 Be7 24. Nd4 cxd4 25. Rxc7 dxe3 26. fxe3 Bg5 27.
Bd4 Ba8 28. Rf2 Qe6 29. Qc1 Ne5 30. Qc3 Ng4 31. Rfxf7 Qxf7 32. Rxf7 Kxf7 33.
Qc7+ Re7 34. Qc8 1-0

[Event "España ch sub-18 2012"]
[Site "Salobreña ESP"]
[Date "2012.07.25"]
[Round "4.11"]
[White "Perera Borrego, Mariela"]
[Black "Quintin Navarro, Alberto"]
[Result "0-1"]
[WhiteElo "2066"]
[BlackElo "2210"]
[PlyCount "126"]
[EventDate "2012.07.23"]
[EventType "swiss"]
[EventRounds "9"]
[EventCountry "ESP"]
[Source "lmi"]
[SourceDate "2012.07.23"]

1. d4 Nf6 2. Nf3 g6 3. g3 Bg7 4. Bg2 O-O 5. O-O d6 6. c4 Nbd7 7. Nc3 e5 8. e4
exd4 9. Nxd4 Re8 10. h3 Nc5 11. Re1 a5 12. b3 c6 13. Rb1 Nfd7 14. Be3 Ne5 15.
Re2 Ne6 16. f4 Nxd4 17. Bxd4 c5 18. Bxe5 dxe5 19. Rd2 Qf6 20. Nd5 Qc6 21. f5
Bd7 22. g4 Rad8 23. Qf3 Kh8 24. Rbd1 Bh6 25. Rd3 Bg5 26. Qf2 gxf5 27. gxf5 Qh6
28. Kf1 Bc6 29. h4 Bxh4 30. Rh3 Bxd5 31. cxd5 Qa6+ 32. Qe2 Qxe2+ 33. Kxe2 Bg5
34. Rdh1 h6 35. Rc3 b6 36. Kd3 Rd6 37. Kc4 a4 38. bxa4 Ra8 39. Kb3 Kg7 40. Bf1
Kf6 41. Bb5 Ke7 42. Kc4 Rdd8 43. Rd3 Kd6 44. Rg3 Rg8 45. Rgh3 Rh8 46. Rg1 Rag8
47. Rh5 Bf4 48. Rhh1 Rxg1 49. Rxg1 Bg5 50. Bc6 f6 51. Kb5 h5 52. Kxb6 c4 53.
Rg2 c3 54. a5 Rb8+ 55. Bb7 Be3+ 56. Ka6 Bd2 57. Rg6 Bg5 58. Ka7 Rxb7+ 59. Kxb7
c2 60. a6 c1=Q 61. a7 Qc7+ 62. Ka6 Qc8+ 63. Kb6 Be3+ 0-1

[Event "España ch sub-18 2012"]
[Site "Salobreña ESP"]
[Date "2012.07.25"]
[Round "4.12"]
[White "Fernandez Lledo, Javier"]
[Black "Donado-Mazarron Gomez, Miguel"]
[Result "1-0"]
[WhiteElo "2207"]
[BlackElo "2055"]
[PlyCount "82"]
[EventDate "2012.07.23"]
[EventType "swiss"]
[EventRounds "9"]
[EventCountry "ESP"]
[Source "lmi"]
[SourceDate "2012.07.23"]

1. Nf3 c5 2. e3 g6 3. c4 Bg7 4. Nc3 Nf6 5. a3 Nc6 6. Be2 O-O 7. O-O d5 8. cxd5
Nxd5 9. Qc2 a6 10. Na4 b6 11. d4 Bb7 12. e4 Nxd4 13. Nxd4 cxd4 14. exd5 Rc8 15.
Qb3 b5 16. Qb4 d3 17. Bf3 Rc4 18. Qb3 Rxa4 19. Bg5 h6 20. Be3 Rc4 21. a4 Rc2
22. Rab1 Qd7 23. Qxd3 Rfc8 24. axb5 Qxb5 25. Qxb5 axb5 26. b4 f5 27. Bc5 Kf7
28. Rfe1 Bf6 29. Rbd1 Rd8 30. h3 Rd7 31. Re6 Rc3 32. Rb6 Be5 33. Kf1 Rxf3 34.
gxf3 Bxd5 35. Kg1 Bc7 36. Rxb5 e5 37. Rxd5 Rxd5 38. Rb7 Rd7 39. Bb6 Bxb6 40.
Rxd7+ Ke6 41. Rg7 Kd5 1-0

[Event "España ch sub-18 2012"]
[Site "Salobreña ESP"]
[Date "2012.07.25"]
[Round "4.13"]
[White "Sierra Montoya, Miquel"]
[Black "Martin Hernandez, Ruben"]
[Result "1-0"]
[WhiteElo "2051"]
[BlackElo "2195"]
[PlyCount "45"]
[EventDate "2012.07.23"]
[EventType "swiss"]
[EventRounds "9"]
[EventCountry "ESP"]
[Source "lmi"]
[SourceDate "2012.07.23"]

1. e4 c5 2. Nf3 e6 3. d4 cxd4 4. Nxd4 Nc6 5. Nc3 Qc7 6. Be3 a6 7. Bd3 Nf6 8.
O-O Ne5 9. f4 Neg4 10. Bd2 Bc5 11. Nce2 e5 12. fxe5 Qxe5 13. Bf4 Bxd4+ 14. Kh1
Qc5 15. Nxd4 Qxd4 16. e5 Nf2+ 17. Rxf2 Qxf2 18. exf6 d5 19. fxg7 Rg8 20. Bh6
Bf5 21. Qh5 Be6 22. Qd1 Qf5 23. Bc1 1-0

[Event "España ch sub-18 2012"]
[Site "Salobreña ESP"]
[Date "2012.07.25"]
[Round "4.14"]
[White "Urriza Iricibar, Pablo"]
[Black "Acosta Sosa, Juan Manuel"]
[Result "1-0"]
[WhiteElo "1978"]
[BlackElo "2166"]
[PlyCount "43"]
[EventDate "2012.07.23"]
[EventType "swiss"]
[EventRounds "9"]
[EventCountry "ESP"]
[Source "lmi"]
[SourceDate "2012.07.23"]

1. e4 c5 2. Nf3 Nc6 3. d4 cxd4 4. Nxd4 g6 5. Bc4 Bg7 6. Be3 Nf6 7. Nc3 O-O 8.
Bb3 d6 9. f3 Bd7 10. Qd2 Ne5 11. O-O-O Rc8 12. Kb1 Nc4 13. Bxc4 Rxc4 14. h4 h5
15. g4 Kh7 16. Nd5 Rg8 17. Nxf6+ Bxf6 18. gxh5 gxh5 19. e5 Rxd4 20. Bxd4 dxe5
21. Qd3+ Kh8 22. Bc3 1-0

[Event "España ch sub-18 2012"]
[Site "Salobreña ESP"]
[Date "2012.07.25"]
[Round "4.15"]
[White "Fernandez Diaz, Cristian"]
[Black "Garcia Rodriguez, Sara"]
[Result "1/2-1/2"]
[WhiteElo "2162"]
[BlackElo "2015"]
[PlyCount "71"]
[EventDate "2012.07.23"]
[EventType "swiss"]
[EventRounds "9"]
[EventCountry "ESP"]
[Source "lmi"]
[SourceDate "2012.07.23"]

1. d4 Nf6 2. c4 g6 3. Nc3 Bg7 4. e4 d6 5. Bd3 O-O 6. Nge2 Na6 7. O-O c5 8. d5
Nc7 9. f4 Rb8 10. a4 b6 11. Re1 a6 12. h3 Nd7 13. Be3 Re8 14. Qd2 e6 15. dxe6
Nxe6 16. Bc2 Bf8 17. Rad1 Nc7 18. Ng3 b5 19. axb5 axb5 20. cxb5 Nxb5 21. Nxb5
Rxb5 22. Ba4 Ra5 23. Bxd7 Bxd7 24. e5 Ba4 25. Ra1 Ra8 26. b3 Bxb3 27. Rxa8 Qxa8
28. exd6 Qc6 29. Rc1 c4 30. Qc3 Qxd6 31. Bd4 Qb4 32. Nh5 Qxc3 33. Nf6+ Kh8 34.
Bxc3 Rc8 35. Ne8+ Kg8 36. Nf6+ 1/2-1/2

[Event "España ch sub-18 2012"]
[Site "Salobreña ESP"]
[Date "2012.07.25"]
[Round "4.16"]
[White "Perez Barreto, Adrian"]
[Black "Villaseñor Rubio, Emilio Jose"]
[Result "0-1"]
[WhiteElo "1961"]
[BlackElo "2159"]
[PlyCount "66"]
[EventDate "2012.07.23"]
[EventType "swiss"]
[EventRounds "9"]
[EventCountry "ESP"]
[Source "lmi"]
[SourceDate "2012.07.23"]

1. d4 Nf6 2. c4 g6 3. Nc3 Bg7 4. e4 d6 5. Nf3 O-O 6. Be2 e5 7. O-O Na6 8. Be3
Ng4 9. Bg5 Qe8 10. h3 h6 11. Bc1 exd4 12. Nxd4 Nf6 13. f3 c6 14. Be3 Qe7 15.
Qd2 Kh7 16. a3 Re8 17. Rfe1 Nc7 18. Nc2 Ne6 19. b4 Nh5 20. b5 Nhf4 21. Bf1 Qg5
22. Kh2 Be5 23. g3 Qf6 24. Na4 Ng5 25. Qf2 Nfxh3 26. Bxh3 Nxh3 27. Qg2 Qh4 28.
f4 Qh5 29. Qd2 Ng5+ 30. Kg2 Qh3+ 31. Kg1 Nf3+ 32. Kf2 Nxd2 33. Rh1 Nxe4+ 0-1

[Event "España ch sub-18 2012"]
[Site "Salobreña ESP"]
[Date "2012.07.25"]
[Round "4.17"]
[White "Shen, Yue"]
[Black "Nieto Asencio, Maria Del Carmen"]
[Result "1-0"]
[WhiteElo "2148"]
[BlackElo "2017"]
[PlyCount "145"]
[EventDate "2012.07.23"]
[EventType "swiss"]
[EventRounds "9"]
[EventCountry "ESP"]
[Source "lmi"]
[SourceDate "2012.07.23"]

1. d4 Nf6 2. c4 g6 3. g3 Bg7 4. Bg2 O-O 5. Nf3 d6 6. O-O c6 7. Nc3 Qa5 8. e4
Be6 9. Qd3 Qa6 10. b3 d5 11. Nd2 Rd8 12. exd5 cxd5 13. Nb5 Qc6 14. Bb2 a6 15.
Nc3 Qd7 16. c5 Bh3 17. Na4 Bxg2 18. Kxg2 Qb5 19. Qxb5 axb5 20. Nb6 Ra6 21. a4
b4 22. Nf3 Nc6 23. Rad1 e6 24. Ne1 Ne4 25. Ba1 Ra7 26. Nc2 Bh6 27. Rd3 Bg7 28.
Rfd1 Ra5 29. f3 Nf6 30. Bb2 Bh6 31. h4 Ra6 32. Kf2 Nd7 33. Nxd7 Rxd7 34. Bc1
Bxc1 35. Rxc1 Ra5 36. h5 Kg7 37. f4 Rd8 38. Rh1 Raa8 39. Re3 Rab8 40. g4 b6 41.
h6+ Kf6 42. g5+ Ke7 43. Rd1 Rf8 44. Kg3 Kd7 45. Ne1 f5 46. Nd3 b5 47. axb5 Rxb5
48. Nb2 Rfb8 49. Na4 Nd8 50. Kf3 Kc6 51. Re2 Ra5 52. Ke3 Rba8 53. Rb1 R8a7 54.
Kd3 R7a6 55. Rbe1 Kc7 56. Re5 Rc6 57. Nb6 Ra3 58. Rb1 Ra2 59. Re2 Ra3 60. Kc2
Ra2+ 61. Rb2 Ra1 62. Rb1 Ra2+ 63. Kd3 Ra3 64. Nxd5+ exd5 65. Re7+ Kc8 66. Rxh7
Ne6 67. Rh8+ Kb7 68. h7 Nxf4+ 69. Ke3 Ng2+ 70. Kf3 Ra2 71. Re8 Nh4+ 72. Kg3
Rg2+ 73. Kh3 1-0

[Event "España ch sub-18 2012"]
[Site "Salobreña ESP"]
[Date "2012.07.25"]
[Round "4.18"]
[White "Amores Gago, Javier"]
[Black "Garcia Perez, Javier"]
[Result "1/2-1/2"]
[WhiteElo "2135"]
[BlackElo "2002"]
[PlyCount "72"]
[EventDate "2012.07.23"]
[EventType "swiss"]
[EventRounds "9"]
[EventCountry "ESP"]
[Source "lmi"]
[SourceDate "2012.07.23"]

1. g3 Nf6 2. Bg2 g6 3. Nf3 Bg7 4. O-O O-O 5. d3 d5 6. Nbd2 Nbd7 7. e4 e5 8. Qe2
Re8 9. h3 c6 10. Re1 Qc7 11. Nb3 a5 12. a4 b6 13. Bg5 h6 14. Be3 Ba6 15. Qd2
Kh7 16. exd5 Nxd5 17. d4 Rad8 18. dxe5 Nxe5 19. Nxe5 Nxe3 20. Qxe3 Rxe5 21. Qf3
Rde8 22. Rxe5 Rxe5 23. Nd4 c5 24. Nb5 Qe7 25. c3 Re2 26. Qc6 Rxb2 27. Qxb6 Bxb5
28. axb5 Bxc3 29. Rf1 a4 30. Qa6 Qf6 31. Qxa4 Bd4 32. Qa6 Qf5 33. b6 Qf6 34.
Qd3 Rxb6 35. Kh1 Rb2 36. f4 Rf2 1/2-1/2

[Event "España ch sub-18 2012"]
[Site "Salobreña ESP"]
[Date "2012.07.25"]
[Round "4.19"]
[White "Rey Malde, Henrique"]
[Black "Gutierrez Valero, Mario"]
[Result "1/2-1/2"]
[WhiteElo "1905"]
[BlackElo "2135"]
[PlyCount "80"]
[EventDate "2012.07.23"]
[EventType "swiss"]
[EventRounds "9"]
[EventCountry "ESP"]
[Source "lmi"]
[SourceDate "2012.07.23"]

1. d4 Nf6 2. c4 g6 3. Nc3 Bg7 4. e4 d6 5. h3 O-O 6. Bg5 c5 7. d5 b5 8. cxb5 a6
9. a4 Qa5 10. Bd2 axb5 11. Bxb5 Ba6 12. Nge2 Bxb5 13. Nxb5 Qd8 14. Nec3 e5 15.
O-O Na6 16. Qe2 Ne8 17. f4 Nb4 18. f5 Nc2 19. Ra2 Nb4 20. Raa1 Nc2 21. Ra2 Nd4
22. Nxd4 exd4 23. Nb5 Nc7 24. b4 Nxb5 25. Qxb5 cxb4 26. Qxb4 Re8 27. fxg6 hxg6
28. Bf4 Rxe4 29. Qxd6 Qxd6 30. Bxd6 Rd8 31. Bf4 Rxd5 32. a5 d3 33. Bd2 Re2 34.
a6 Rd7 35. Kh2 Ra7 36. Rd1 Bh6 37. Kh1 Bxd2 38. Rdxd2 Rxa6 39. Rxe2 dxe2 40.
Rxe2 Ra3 1/2-1/2

[Event "España ch sub-18 2012"]
[Site "Salobreña ESP"]
[Date "2012.07.25"]
[Round "4.20"]
[White "Arnedo Ruiz, Alberto"]
[Black "Barrio Ugidos, Ibon"]
[Result "1-0"]
[WhiteElo "2124"]
[BlackElo "1855"]
[PlyCount "65"]
[EventDate "2012.07.23"]
[EventType "swiss"]
[EventRounds "9"]
[EventCountry "ESP"]
[Source "lmi"]
[SourceDate "2012.07.23"]

1. e4 c5 2. Nf3 e6 3. d4 cxd4 4. Nxd4 a6 5. c4 Qc7 6. a3 Nf6 7. Nc3 Be7 8. Be2
O-O 9. O-O b6 10. Be3 Bb7 11. f3 d6 12. Qd2 Nbd7 13. Rfd1 Rac8 14. Rac1 Qb8 15.
Bf1 Rfe8 16. Qf2 Bd8 17. g4 h6 18. h4 Ne5 19. b3 Bc7 20. Bh3 Ng6 21. g5 hxg5
22. hxg5 Nd7 23. Nde2 Rcd8 24. Rc2 Bc6 25. Nd4 Bb7 26. Nde2 Qa8 27. Nf4 Nge5
28. Kg2 Bc6 29. Rh1 g6 30. Qh4 Kf8 31. Bxe6 Rxe6 32. Ncd5 Bxd5 33. Nxd5 1-0

[Event "España ch sub-18 2012"]
[Site "Salobreña ESP"]
[Date "2012.07.25"]
[Round "4.21"]
[White "Capote Robayna, Johanna"]
[Black "Molina Rodriguez, Borja"]
[Result "0-1"]
[WhiteElo "1822"]
[BlackElo "2124"]
[PlyCount "72"]
[EventDate "2012.07.23"]
[EventType "swiss"]
[EventRounds "9"]
[EventCountry "ESP"]
[Source "lmi"]
[SourceDate "2012.07.23"]

1. e4 c5 2. Nf3 Nc6 3. d4 cxd4 4. Nxd4 Nf6 5. Nc3 e5 6. Ndb5 d6 7. Bg5 a6 8.
Na3 b5 9. Bxf6 gxf6 10. Nd5 Bg7 11. Bd3 Ne7 12. Nxe7 Qxe7 13. c3 O-O 14. O-O f5
15. Nc2 Bb7 16. exf5 e4 17. Re1 d5 18. Bf1 Rad8 19. Nd4 b4 20. a3 bxc3 21. bxc3
Rc8 22. Re3 Qe5 23. Rb1 Rc7 24. Rb6 Bc8 25. Qh5 Re8 26. Rh3 h6 27. Rg3 Kh7 28.
Bxa6 Bxa6 29. Rxa6 Qxd4 30. f6 Bxf6 31. Qf5+ Kh8 32. Qxf6+ Qxf6 33. Rxf6 Re6
34. Rf5 d4 35. c4 Rxc4 36. Kf1 Rec6 0-1